[Event "DEM U18 2025"]
[Site "Willingen GER"]
[Date "2025.06.08"]
[Round "2"]
[White "Guo, Philipp Ziming"]
[Black "Petrovskiy, Vadym"]
[Result "1/2-1/2"]
[Termination "normal"]
[Board "1"]
[BlackTitle "IM"]
[WhiteElo "2219"]
[BlackElo "2432"]
[WhiteClock "00:10:16"]
[BlackClock "00:11:20"]
[PlyCount "66"]
[WhiteFideId "16245199"]
[BlackFideId "14165210"]
[EventCountry "GER"]
[EventRounds "9"]
[EventType "swiss"]
[EventDate "2025.06.07"]

1. e4 {[%clk 01:30:55]} {[%emt 00:00:04]} e6 {[%clk 01:30:28]} {[%emt
00:00:33]} 2. d4 {[%clk 01:31:14]} {[%emt 00:00:11]} d5 {[%clk 01:30:49]}
{[%emt 00:00:10]} 3. Nd2 {[%clk 01:31:25]} {[%emt 00:00:18]} Nf6 {[%clk
01:30:49]} {[%emt 00:00:31]} 4. e5 {[%clk 01:31:29]} {[%emt 00:00:26]} Nfd7
{[%clk 01:31:13]} {[%emt 00:00:05]} 5. Bd3 {[%clk 01:31:50]} {[%emt 00:00:08]}
c5 {[%clk 01:31:29]} {[%emt 00:00:15]} 6. c3 {[%clk 01:32:02]} {[%emt
00:00:19]} Nc6 {[%clk 01:31:48]} {[%emt 00:00:11]} 7. Ne2 {[%clk 01:32:21]}
{[%emt 00:00:06]} cxd4 {[%clk 01:31:55]} {[%emt 00:00:29]} 8. cxd4 {[%clk
01:32:46]} {[%emt 00:00:03]} f6 {[%clk 01:32:22]} {[%emt 00:00:04]} 9. exf6
{[%clk 01:32:53]} {[%emt 00:00:22]} Nxf6 {[%clk 01:32:47]} {[%emt 00:00:06]}
10. O-O {[%clk 01:33:03]} {[%emt 00:00:18]} Bd6 {[%clk 01:33:13]} {[%emt
00:00:06]} 11. Nf3 {[%clk 01:33:16]} {[%emt 00:00:15]} Qc7 {[%clk 01:33:15]}
{[%emt 00:00:30]} 12. h3 {[%clk 01:32:53]} {[%emt 00:00:52]} O-O {[%clk
01:32:40]} {[%emt 00:01:05]} 13. Be3 {[%clk 01:29:30]} {[%emt 00:03:53]} Bd7
{[%clk 01:31:52]} {[%emt 00:01:18]} 14. Rc1 {[%clk 01:27:48]} {[%emt 00:02:12]}
a6 {[%clk 01:09:16]} {[%emt 00:23:07]} 15. Re1 {[%clk 01:26:24]} {[%emt
00:01:53]} Rae8 {[%clk 01:06:29]} {[%emt 00:03:17]} 16. a3 {[%clk 01:22:19]}
{[%emt 00:04:36]} Qb8 {[%clk 01:06:44]} {[%emt 00:00:15]} 17. Nc3 {[%clk
01:20:47]} {[%emt 00:02:00]} Re7 {[%clk 01:04:26]} {[%emt 00:02:49]} 18. b4
{[%clk 01:04:07]} {[%emt 00:17:09]} Be8 {[%clk 01:01:00]} {[%emt 00:03:58]} 19.
Na4 {[%clk 00:52:36]} {[%emt 00:12:00]} Nh5 {[%clk 00:47:05]} {[%emt 00:14:26]}
20. Nc5 {[%clk 00:46:43]} {[%emt 00:06:21]} Bxc5 {[%clk 00:39:47]} {[%emt
00:07:49]} 21. Rxc5 {[%clk 00:45:01]} {[%emt 00:02:11]} Nf4 {[%clk 00:40:02]}
{[%emt 00:00:16]} 22. Ne5 {[%clk 00:31:43]} {[%emt 00:13:48]} Bh5 {[%clk
00:34:17]} {[%emt 00:06:15]} 23. Qc2 {[%clk 00:20:12]} {[%emt 00:12:01]} Nxe5
{[%clk 00:30:44]} {[%emt 00:04:04]} 24. dxe5 {[%clk 00:15:20]} {[%emt
00:05:21]} Nxd3 {[%clk 00:15:21]} {[%emt 00:15:53]} 25. Qxd3 {[%clk 00:15:43]}
{[%emt 00:00:06]} Qxe5 {[%clk 00:15:13]} {[%emt 00:00:40]} 26. Rcc1 {[%clk
00:13:07]} {[%emt 00:03:04]} Qf5 {[%clk 00:11:34]} {[%emt 00:04:11]} 27. Qxf5
{[%clk 00:12:57]} {[%emt 00:00:40]} exf5 {[%clk 00:12:02]} {[%emt 00:00:01]}
28. Bc5 {[%clk 00:08:50]} {[%emt 00:04:37]} Rxe1+ 29. Rxe1 {[%clk 00:09:18]}
Re8 {[%clk 00:11:36]} {[%emt 00:01:09]} 30. Rxe8+ {[%clk 00:09:29]} {[%emt
00:00:19]} Bxe8 {[%clk 00:12:05]} {[%emt 00:00:02]} 31. f4 {[%clk 00:09:46]}
{[%emt 00:00:12]} Kf7 {[%clk 00:11:52]} {[%emt 00:00:43]} 32. Kf2 {[%clk
00:09:58]} {[%emt 00:00:17]} h6 {[%clk 00:11:15]} {[%emt 00:01:08]} 33. h4
{[%clk 00:10:16]} {[%emt 00:00:11]} h5 {[%clk 00:11:20]} {[%emt 00:00:26]}
1/2-1/2

[Event "DEM U18 2025"]
[Site "Willingen GER"]
[Date "2025.06.08"]
[Round "2"]
[White "von Mettenheim, Johannes"]
[Black "Strehse, Nelson"]
[Result "1-0"]
[Termination "normal"]
[Board "2"]
[WhiteElo "2367"]
[BlackElo "2168"]
[WhiteClock "00:48:24"]
[BlackClock "00:14:44"]
[PlyCount "61"]
[WhiteFideId "16244818"]
[BlackFideId "16228898"]
[EventCountry "GER"]
[EventRounds "9"]
[EventType "swiss"]
[EventDate "2025.06.07"]

1. c4 {[%clk 01:30:59]} c5 {[%clk 01:30:44]} {[%emt 00:00:15]} 2. g3 {[%clk
01:31:25]} {[%emt 00:00:05]} Nf6 {[%clk 01:30:59]} {[%emt 00:00:15]} 3. Bg2
{[%clk 01:31:50]} {[%emt 00:00:04]} d5 {[%clk 01:31:25]} {[%emt 00:00:05]} 4.
cxd5 {[%clk 01:32:16]} {[%emt 00:00:05]} Nxd5 {[%clk 01:31:49]} {[%emt
00:00:04]} 5. Nc3 {[%clk 01:32:42]} {[%emt 00:00:05]} Nc7 {[%clk 01:32:11]}
{[%emt 00:00:09]} 6. e3 {[%clk 01:33:08]} {[%emt 00:00:03]} e5 {[%clk
01:32:32]} {[%emt 00:00:09]} 7. Nge2 {[%clk 01:33:32]} {[%emt 00:00:05]} Nc6
{[%clk 01:32:56]} {[%emt 00:00:06]} 8. O-O {[%clk 01:33:56]} {[%emt 00:00:06]}
Be7 {[%clk 01:33:23]} {[%emt 00:00:04]} 9. f4 {[%clk 01:34:20]} {[%emt
00:00:07]} O-O {[%clk 01:33:49]} {[%emt 00:00:04]} 10. b3 {[%clk 01:34:46]}
{[%emt 00:00:03]} Bf5 {[%clk 01:30:09]} {[%emt 00:04:09]} 11. fxe5 {[%clk
01:33:15]} {[%emt 00:02:02]} Bd3 {[%clk 01:29:34]} {[%emt 00:01:03]} 12. Ne4
{[%clk 01:32:28]} {[%emt 00:01:18]} Nxe5 {[%clk 01:25:13]} {[%emt 00:04:52]}
13. Bb2 {[%clk 01:32:55]} {[%emt 00:00:04]} Nc6 {[%clk 01:21:50]} {[%emt
00:03:51]} 14. Rc1 {[%clk 01:33:18]} {[%emt 00:00:08]} Ne6 {[%clk 01:21:31]}
{[%emt 00:00:48]} 15. Rf5 {[%clk 01:33:39]} {[%emt 00:00:09]} Ba6 {[%clk
00:42:22]} {[%emt 00:39:39]} 16. a3 {[%clk 01:16:35]} {[%emt 00:17:35]} Qd7
{[%clk 00:35:22]} {[%emt 00:07:29]} 17. N2c3 {[%clk 01:14:15]} {[%emt
00:02:51]} Nc7 {[%clk 00:29:23]} {[%emt 00:06:29]} 18. Qf3 {[%clk 01:06:47]}
{[%emt 00:07:58]} g6 {[%clk 00:26:45]} {[%emt 00:03:07]} 19. Nd5 {[%clk
00:59:48]} {[%emt 00:07:29]} Qxf5 {[%clk 00:25:02]} {[%emt 00:02:13]} 20. Nef6+
{[%clk 00:53:23]} {[%emt 00:06:57]} Kh8 {[%clk 00:19:42]} {[%emt 00:05:48]} 21.
Qxf5 {[%clk 00:52:13]} {[%emt 00:01:41]} gxf5 {[%clk 00:20:09]} {[%emt
00:00:02]} 22. Nxc7 {[%clk 00:52:34]} {[%emt 00:00:10]} Rac8 {[%clk 00:13:29]}
{[%emt 00:07:09]} 23. Nxa6 {[%clk 00:52:15]} bxa6 {[%clk 00:13:04]} {[%emt
00:01:45]} 24. Bxc6 {[%clk 00:52:19]} Rxc6 {[%clk 00:13:25]} {[%emt 00:00:34]}
25. Nd5+ {[%clk 00:52:46]} f6 {[%clk 00:13:25]} 26. Nxe7 {[%clk 00:52:46]} Rb6
{[%clk 00:13:49]} {[%emt 00:00:44]} 27. Rxc5 {[%emt 00:05:23]} Rxb3 {[%clk
00:14:08]} 28. Bc3 {[%clk 00:48:56]} {[%emt 00:00:04]} Kg7 {[%clk 00:14:03]}
{[%emt 00:00:34]} 29. Nxf5+ {[%clk 00:47:57]} {[%emt 00:01:30]} Kg6 {[%clk
00:14:21]} {[%emt 00:00:11]} 30. a4 {[%clk 00:48:03]} {[%emt 00:00:25]} Rb1+
{[%clk 00:14:44]} {[%emt 00:00:06]} 31. Kg2 {[%clk 00:48:24]} {[%emt 00:00:09]}
1-0

[Event "DEM U18 2025"]
[Site "Willingen GER"]
[Date "2025.06.08"]
[Round "2"]
[White "Lübke, Florentin"]
[Black "Möller, Maurin"]
[Result "0-1"]
[Termination "normal"]
[Board "3"]
[BlackTitle "FM"]
[WhiteElo "2180"]
[BlackElo "2336"]
[WhiteClock "00:00:33"]
[BlackClock "00:14:15"]
[PlyCount "56"]
[WhiteFideId "16281799"]
[BlackFideId "16265696"]
[EventCountry "GER"]
[EventRounds "9"]
[EventType "swiss"]
[EventDate "2025.06.07"]

1. e4 {[%clk 01:30:56]} {[%emt 00:00:05]} e6 {[%clk 01:30:49]} {[%emt
00:00:10]} 2. b3 {[%clk 01:30:46]} {[%emt 00:00:40]} d5 {[%clk 01:29:57]}
{[%emt 00:01:22]} 3. Bb2 {[%clk 01:31:08]} {[%emt 00:00:09]} dxe4 {[%clk
01:28:24]} {[%emt 00:02:03]} 4. Nc3 {[%clk 01:31:20]} {[%emt 00:00:17]} f5
{[%clk 01:15:26]} {[%emt 00:13:29]} 5. d3 {[%clk 01:27:16]} {[%emt 00:04:34]}
exd3 {[%clk 01:10:23]} {[%emt 00:05:32]} 6. Bxd3 {[%clk 01:27:37]} {[%emt
00:00:09]} Bd6 {[%clk 01:09:19]} {[%emt 00:01:35]} 7. Qe2 {[%clk 01:24:08]}
{[%emt 00:03:59]} Qe7 {[%clk 01:09:39]} {[%emt 00:00:09]} 8. Nd5 {[%clk
01:14:16]} {[%emt 00:10:22]} Qf7 {[%clk 01:05:48]} {[%emt 00:04:21]} 9. Nf3
{[%clk 01:06:59]} {[%emt 00:07:48]} Ne7 {[%clk 00:52:34]} {[%emt 00:13:44]} 10.
Ng5 {[%clk 00:49:48]} {[%emt 00:17:40]} Qg6 {[%clk 00:52:54]} {[%emt 00:00:11]}
11. Nxe7 {[%clk 00:49:53]} {[%emt 00:00:25]} Bxe7 {[%clk 00:53:09]} {[%emt
00:00:15]} 12. h4 {[%clk 00:49:43]} {[%emt 00:00:39]} h6 {[%clk 00:46:16]}
{[%emt 00:07:24]} 13. Nf3 {[%clk 00:39:54]} {[%emt 00:10:19]} O-O {[%clk
00:38:54]} {[%emt 00:07:52]} 14. Ne5 {[%clk 00:32:46]} {[%emt 00:07:38]} Qe8
{[%clk 00:38:44]} {[%emt 00:00:39]} 15. g4 {[%clk 00:30:46]} {[%emt 00:02:30]}
Nd7 {[%clk 00:38:06]} {[%emt 00:01:09]} 16. Rg1 {[%clk 00:20:48]} {[%emt
00:10:26]} Bxh4 {[%clk 00:34:07]} {[%emt 00:04:31]} 17. gxf5 {[%clk 00:13:12]}
{[%emt 00:08:06]} Nxe5 {[%clk 00:25:34]} {[%emt 00:09:03]} 18. Qxe5 {[%clk
00:13:05]} {[%emt 00:00:36]} Bf6 {[%clk 00:23:26]} {[%emt 00:02:39]} 19. Rxg7+
{[%clk 00:13:01]} {[%emt 00:00:33]} Kxg7 {[%clk 00:23:46]} {[%emt 00:00:10]}
20. Qxc7+ {[%clk 00:12:19]} {[%emt 00:01:13]} Kh8 {[%clk 00:18:05]} {[%emt
00:06:11]} 21. Qf4 {[%clk 00:06:08]} {[%emt 00:06:40]} Bxb2 {[%clk 00:15:09]}
{[%emt 00:03:27]} 22. Qxh6+ {[%clk 00:05:30]} {[%emt 00:01:07]} Kg8 {[%clk
00:15:34]} {[%emt 00:00:05]} 23. Qg5+ {[%clk 00:03:53]} {[%emt 00:02:06]} Bg7
{[%clk 00:15:01]} {[%emt 00:01:04]} 24. O-O-O {[%clk 00:03:13]} {[%emt
00:01:09]} Rf6 {[%clk 00:14:57]} {[%emt 00:00:35]} 25. Bc4 {[%clk 00:02:25]}
{[%emt 00:01:19]} b5 {[%clk 00:13:42]} {[%emt 00:01:45]} 26. Bxb5 {[%clk
00:01:04]} {[%emt 00:01:52]} Qxb5 {[%clk 00:13:43]} {[%emt 00:00:28]} 27. Rd8+
{[%clk 00:00:54]} {[%emt 00:00:39]} Rf8 {[%clk 00:13:51]} {[%emt 00:00:21]} 28.
f6 {[%clk 00:00:33]} {[%emt 00:00:52]} Qxg5+ {[%clk 00:14:15]} {[%emt
00:00:06]} 0-1

[Event "DEM U18 2025"]
[Site "Willingen GER"]
[Date "2025.06.08"]
[Round "2"]
[White "Ohler, Julius"]
[Black "Beyer, Lorenz"]
[Result "1-0"]
[Termination "normal"]
[Board "4"]
[WhiteTitle "FM"]
[WhiteElo "2301"]
[BlackElo "2226"]
[WhiteClock "00:39:29"]
[BlackClock "00:08:10"]
[PlyCount "115"]
[WhiteFideId "16238982"]
[BlackFideId "16245393"]
[EventCountry "GER"]
[EventRounds "9"]
[EventType "swiss"]
[EventDate "2025.06.07"]

1. c4 {[%clk 01:30:57]} {[%emt 00:00:04]} e6 {[%clk 01:30:54]} {[%emt
00:00:06]} 2. g3 {[%clk 01:31:23]} {[%emt 00:00:04]} d5 {[%clk 01:31:19]}
{[%emt 00:00:04]} 3. Bg2 {[%clk 01:31:50]} {[%emt 00:00:04]} Nf6 {[%clk
01:31:44]} {[%emt 00:00:05]} 4. Nf3 {[%clk 01:32:17]} {[%emt 00:00:03]} Be7
{[%clk 01:32:09]} {[%emt 00:00:05]} 5. O-O {[%clk 01:32:43]} {[%emt 00:00:05]}
O-O {[%clk 01:32:35]} {[%emt 00:00:04]} 6. b3 {[%clk 01:33:10]} {[%emt
00:00:02]} b6 {[%clk 01:33:00]} {[%emt 00:00:05]} 7. d4 {[%clk 01:33:21]}
{[%emt 00:00:19]} Bb7 {[%clk 01:33:12]} {[%emt 00:00:18]} 8. Nc3 {[%clk
01:33:47]} {[%emt 00:00:04]} c5 {[%clk 01:31:14]} {[%emt 00:02:28]} 9. Ne5
{[%clk 01:18:21]} {[%emt 00:15:57]} Nbd7 {[%clk 01:20:23]} {[%emt 00:11:21]}
10. Nxd7 {[%clk 01:14:49]} {[%emt 00:04:02]} Qxd7 {[%clk 01:19:57]} {[%emt
00:00:56]} 11. cxd5 {[%clk 01:09:30]} {[%emt 00:05:48]} Nxd5 {[%clk 01:11:21]}
{[%emt 00:09:06]} 12. dxc5 {[%clk 01:08:15]} {[%emt 00:01:46]} Bxc5 {[%clk
01:09:43]} {[%emt 00:02:07]} 13. Nxd5 {[%clk 01:07:49]} {[%emt 00:00:57]} Bxd5
{[%clk 01:09:17]} {[%emt 00:00:56]} 14. Bxd5 {[%clk 01:07:46]} {[%emt
00:00:32]} exd5 {[%clk 01:06:48]} {[%emt 00:02:59]} 15. Qd3 {[%clk 01:06:43]}
{[%emt 00:01:33]} Qe6 {[%clk 01:06:59]} {[%emt 00:00:19]} 16. Bb2 {[%clk
00:59:53]} {[%emt 00:07:20]} Rfe8 {[%clk 01:01:44]} {[%emt 00:05:45]} 17. e3
{[%clk 00:57:46]} {[%emt 00:02:38]} Rad8 {[%clk 00:59:52]} {[%emt 00:02:21]}
18. Rfd1 {[%clk 00:57:31]} {[%emt 00:00:44]} f6 {[%clk 00:56:42]} {[%emt
00:03:40]} 19. Rac1 {[%clk 00:56:40]} {[%emt 00:01:21]} Qe4 {[%clk 00:55:34]}
{[%emt 00:01:38]} 20. Bd4 {[%clk 00:50:08]} {[%emt 00:07:03]} Bxd4 {[%clk
00:50:36]} {[%emt 00:05:28]} 21. Qxd4 {[%clk 00:49:53]} {[%emt 00:00:45]} Qxd4
{[%clk 00:47:57]} {[%emt 00:03:09]} 22. Rxd4 {[%clk 00:50:18]} {[%emt
00:00:05]} Re7 {[%clk 00:42:54]} {[%emt 00:05:33]} 23. Rcd1 {[%clk 00:49:22]}
{[%emt 00:01:26]} Rc8 {[%clk 00:41:07]} {[%emt 00:02:17]} 24. Rxd5 {[%clk
00:49:43]} {[%emt 00:00:09]} Rc2 {[%clk 00:41:15]} {[%emt 00:00:22]} 25. R1d2
{[%clk 00:50:00]} {[%emt 00:00:13]} Rxd2 {[%clk 00:40:06]} {[%emt 00:01:40]}
26. Rxd2 {[%clk 00:50:17]} {[%emt 00:00:12]} Rc7 {[%clk 00:40:12]} {[%emt
00:00:24]} 27. Kf1 {[%clk 00:50:35]} {[%emt 00:00:12]} Kf7 {[%clk 00:40:37]}
{[%emt 00:00:06]} 28. Ke2 {[%clk 00:51:00]} {[%emt 00:00:04]} Ke6 {[%clk
00:41:04]} {[%emt 00:00:03]} 29. g4 {[%clk 00:48:34]} {[%emt 00:02:56]} h5
{[%clk 00:37:43]} {[%emt 00:03:51]} 30. h3 {[%clk 00:46:09]} {[%emt 00:02:55]}
hxg4 {[%clk 00:38:06]} {[%emt 00:00:08]} 31. hxg4 {[%clk 00:46:35]} {[%emt
00:00:03]} g5 {[%clk 00:37:40]} {[%emt 00:00:56]} 32. Kf3 {[%clk 00:45:08]}
{[%emt 00:01:57]} Rc5 {[%clk 00:33:52]} {[%emt 00:04:18]} 33. Ke4 {[%clk
00:35:27]} {[%emt 00:10:11]} Re5+ {[%clk 00:30:49]} {[%emt 00:03:32]} 34. Kd3
{[%clk 00:35:20]} {[%emt 00:00:39]} Rd5+ {[%clk 00:30:53]} {[%emt 00:00:25]}
35. Ke2 {[%clk 00:35:37]} {[%emt 00:00:13]} Rc5 {[%clk 00:31:17]} {[%emt
00:00:06]} 36. Kd1 {[%clk 00:35:24]} {[%emt 00:00:43]} Ke5 {[%clk 00:27:02]}
{[%emt 00:04:44]} 37. Rd4 {[%clk 00:34:25]} {[%emt 00:01:29]} Rc7 {[%clk
00:26:58]} {[%emt 00:00:35]} 38. Rc4 {[%clk 00:34:00]} {[%emt 00:00:54]} Rh7
{[%clk 00:27:25]} {[%emt 00:00:03]} 39. Ke2 {[%clk 00:34:24]} {[%emt 00:00:07]}
Kd5 {[%clk 00:26:49]} {[%emt 00:01:06]} 40. Rc8 {[%clk 00:32:25]} {[%emt
00:02:29]} Ke5 {[%clk 00:22:58]} {[%emt 00:04:22]} 41. Rc6 {[%clk 00:30:25]}
{[%emt 00:02:30]} Rd7 {[%clk 00:17:11]} {[%emt 00:06:16]} 42. a4 {[%clk
00:28:28]} {[%emt 00:02:28]} Rh7 {[%clk 00:10:27]} {[%emt 00:07:13]} 43. b4
{[%clk 00:28:03]} {[%emt 00:00:55]} Rh4 {[%clk 00:28:57]} {[%emt 00:12:00]} 44.
Kf3 {[%clk 00:52:41]} {[%emt 00:05:51]} Rh3+ {[%clk 00:14:26]} {[%emt
00:15:02]} 45. Kg2 {[%clk 00:52:53]} {[%emt 00:00:18]} Rh7 {[%clk 00:13:25]}
{[%emt 00:01:31]} 46. Kg3 {[%clk 00:47:14]} {[%emt 00:06:09]} f5 {[%clk
00:09:07]} {[%emt 00:04:48]} 47. Rg6 {[%clk 00:38:21]} {[%emt 00:09:23]} f4+
{[%clk 00:08:04]} {[%emt 00:01:33]} 48. Kf3 {[%clk 00:38:07]} {[%emt 00:00:44]}
fxe3 {[%clk 00:07:46]} {[%emt 00:00:49]} 49. Kxe3 {[%clk 00:38:25]} {[%emt
00:00:11]} Kd5 {[%clk 00:07:41]} {[%emt 00:00:36]} 50. Rxg5+ {[%clk 00:37:27]}
{[%emt 00:01:28]} Kc4 {[%clk 00:08:08]} {[%emt 00:00:02]} 51. b5 {[%clk
00:37:12]} {[%emt 00:00:46]} Kb4 {[%clk 00:08:16]} {[%emt 00:00:22]} 52. Re5
{[%clk 00:37:32]} {[%emt 00:00:10]} Kxa4 {[%clk 00:08:29]} {[%emt 00:00:17]}
53. g5 {[%clk 00:37:58]} {[%emt 00:00:05]} Rh1 {[%clk 00:08:38]} {[%emt
00:00:21]} 54. f4 {[%clk 00:38:03]} {[%emt 00:00:24]} Rg1 {[%clk 00:07:48]}
{[%emt 00:01:21]} 55. Kf2 {[%clk 00:38:22]} {[%emt 00:00:11]} Rg4 {[%clk
00:08:08]} {[%emt 00:00:10]} 56. Kf3 {[%clk 00:38:45]} {[%emt 00:00:07]} Rg1
{[%clk 00:08:33]} {[%emt 00:00:04]} 57. Ke4 {[%clk 00:39:04]} {[%emt 00:00:11]}
a5 {[%clk 00:08:10]} {[%emt 00:00:54]} 58. bxa6 {[%clk 00:39:29]} {[%emt
00:00:05]} 1-0

[Event "DEM U18 2025"]
[Site "Willingen GER"]
[Date "2025.06.08"]
[Round "2"]
[White "Vollbehr, Bjarne"]
[Black "Fuhrmann, Bahne"]
[Result "1/2-1/2"]
[Termination "normal"]
[Board "5"]
[WhiteTitle "CM"]
[BlackTitle "FM"]
[WhiteElo "2163"]
[BlackElo "2256"]
[WhiteClock "00:16:49"]
[BlackClock "00:18:40"]
[PlyCount "90"]
[WhiteFideId "34606025"]
[BlackFideId "16244842"]
[EventCountry "GER"]
[EventRounds "9"]
[EventType "swiss"]
[EventDate "2025.06.07"]

1. Nf3 {[%clk 01:30:56]} {[%emt 00:00:03]} Nf6 {[%clk 01:30:53]} {[%emt
00:00:08]} 2. b3 {[%clk 01:31:21]} {[%emt 00:00:05]} g6 {[%clk 01:30:54]}
{[%emt 00:00:29]} 3. Bb2 {[%clk 01:31:43]} {[%emt 00:00:08]} Bg7 {[%clk
01:31:18]} {[%emt 00:00:06]} 4. g3 {[%clk 01:32:11]} {[%emt 00:00:03]} d5
{[%clk 01:31:16]} {[%emt 00:00:31]} 5. c4 {[%clk 01:32:22]} {[%emt 00:00:19]}
c6 {[%clk 01:31:38]} {[%emt 00:00:09]} 6. Bg2 {[%clk 01:32:12]} {[%emt
00:00:35]} O-O {[%clk 01:31:46]} {[%emt 00:00:26]} 7. O-O {[%clk 01:32:17]}
{[%emt 00:00:24]} Nbd7 {[%clk 01:30:08]} {[%emt 00:02:09]} 8. a4 {[%clk
01:31:00]} {[%emt 00:01:47]} Re8 {[%clk 01:29:03]} {[%emt 00:01:36]} 9. d3
{[%clk 01:22:20]} {[%emt 00:09:09]} e5 {[%clk 01:27:57]} {[%emt 00:01:35]} 10.
cxd5 {[%clk 01:20:51]} {[%emt 00:02:01]} cxd5 {[%clk 01:23:09]} {[%emt
00:05:17]} 11. Nc3 {[%clk 01:18:59]} {[%emt 00:02:22]} e4 {[%clk 01:15:45]}
{[%emt 00:07:54]} 12. Ne1 {[%clk 01:14:30]} {[%emt 00:04:58]} a6 {[%clk
00:59:17]} {[%emt 00:17:00]} 13. Qc2 {[%clk 01:08:47]} {[%emt 00:06:11]} Qa5
{[%clk 00:53:42]} {[%emt 00:06:07]} 14. e3 {[%clk 00:56:49]} {[%emt 00:12:27]}
Nb8 {[%clk 00:43:27]} {[%emt 00:10:46]} 15. dxe4 {[%clk 00:49:45]} {[%emt
00:07:34]} Nxe4 {[%clk 00:42:00]} {[%emt 00:01:57]} 16. Nxe4 {[%clk 00:49:34]}
{[%emt 00:00:38]} Bxb2 {[%clk 00:38:30]} {[%emt 00:04:04]} 17. Qxb2 {[%clk
00:49:20]} {[%emt 00:00:43]} dxe4 {[%clk 00:38:51]} {[%emt 00:00:09]} 18. Nc2
{[%clk 00:48:20]} {[%emt 00:01:30]} Nc6 {[%clk 00:39:05]} {[%emt 00:00:17]} 19.
Rfd1 {[%clk 00:45:20]} {[%emt 00:03:29]} Bg4 {[%clk 00:36:23]} {[%emt
00:03:13]} 20. b4 {[%clk 00:42:58]} {[%emt 00:02:51]} Qh5 {[%clk 00:31:37]}
{[%emt 00:05:16]} 21. Rd6 {[%clk 00:36:10]} {[%emt 00:07:19]} Rac8 {[%clk
00:30:29]} {[%emt 00:01:37]} 22. Ne1 {[%clk 00:29:46]} {[%emt 00:06:53]} a5
{[%clk 00:23:02]} {[%emt 00:07:58]} 23. bxa5 {[%clk 00:28:04]} {[%emt
00:02:12]} Qc5 {[%clk 00:22:21]} {[%emt 00:01:11]} 24. Rd2 {[%clk 00:26:09]}
{[%emt 00:02:25]} Qxa5 {[%clk 00:20:16]} {[%emt 00:02:35]} 25. h3 {[%clk
00:23:01]} {[%emt 00:03:37]} Be6 {[%clk 00:17:46]} {[%emt 00:03:00]} 26. Rc2
{[%clk 00:19:51]} {[%emt 00:03:41]} Bd5 {[%clk 00:16:20]} {[%emt 00:01:56]} 27.
Bf1 {[%clk 00:17:46]} {[%emt 00:02:34]} Nb4 {[%clk 00:16:05]} {[%emt 00:00:46]}
28. Rxc8 {[%clk 00:17:15]} {[%emt 00:01:02]} Rxc8 {[%clk 00:16:31]} {[%emt
00:00:03]} 29. Bb5 {[%clk 00:16:36]} {[%emt 00:01:08]} Bc6 {[%clk 00:14:27]}
{[%emt 00:02:36]} 30. Qd4 {[%clk 00:09:16]} {[%emt 00:07:49]} Bxb5 {[%clk
00:11:40]} {[%emt 00:03:18]} 31. axb5 {[%clk 00:09:36]} {[%emt 00:00:10]} Qxb5
{[%clk 00:11:37]} {[%emt 00:00:34]} 32. Qxe4 {[%clk 00:09:29]} {[%emt
00:00:37]} Re8 {[%clk 00:10:52]} {[%emt 00:01:14]} 33. Qd4 {[%clk 00:08:07]}
{[%emt 00:01:50]} Nc6 {[%clk 00:09:20]} {[%emt 00:02:03]} 34. Qc3 {[%clk
00:07:04]} {[%emt 00:01:33]} Qd5 {[%clk 00:08:33]} {[%emt 00:01:17]} 35. Nd3
{[%clk 00:05:53]} {[%emt 00:01:41]} Rd8 {[%clk 00:07:56]} {[%emt 00:01:08]} 36.
Nb4 {[%clk 00:05:02]} {[%emt 00:01:21]} Qe5 {[%clk 00:07:06]} {[%emt 00:01:20]}
37. Qxe5 {[%clk 00:04:58]} {[%emt 00:00:35]} Nxe5 {[%clk 00:07:32]} {[%emt
00:00:03]} 38. Rb1 {[%clk 00:04:17]} {[%emt 00:01:11]} Rd2 {[%clk 00:07:30]}
{[%emt 00:00:33]} 39. g4 {[%clk 00:01:21]} {[%emt 00:03:24]} Kg7 {[%clk
00:06:58]} {[%emt 00:01:02]} 40. Kg2 {[%clk 00:01:24]} {[%emt 00:00:28]} Kf6
{[%clk 00:03:28]} {[%emt 00:03:59]} 41. Kg3 {[%clk 00:00:57]} {[%emt 00:00:58]}
Ke6 {[%clk 00:02:25]} {[%emt 00:01:33]} 42. e4 {[%clk 00:28:29]} {[%emt
00:02:58]} Nc4 {[%clk 00:24:24]} {[%emt 00:08:31]} 43. Nd5 {[%clk 00:24:06]}
{[%emt 00:04:51]} Nd6 {[%clk 00:21:25]} {[%emt 00:03:31]} 44. f3 {[%clk
00:21:43]} {[%emt 00:02:51]} Rc2 {[%clk 00:21:08]} {[%emt 00:00:48]} 45. h4
{[%clk 00:16:49]} {[%emt 00:05:24]} h6 {[%clk 00:18:40]} {[%emt 00:03:00]}
1/2-1/2